Condition d'une gestion efficace des crédits aux salariés par le STE de FECECAM-BENIN. (Record no. 47436)

MARC details
000 -LEADER
fixed length control field 00912nam a22002537a 4500
003 - CONTROL NUMBER IDENTIFIER
control field 0
005 - DATE AND TIME OF LATEST TRANSACTION
control field 20160609165647.0
008 - FIXED-LENGTH DATA ELEMENTS--GENERAL INFORMATION
fixed length control field 100728t xxu||||| |||| 00| 0 eng d
040 ## - SOURCE DU CATALOGAGE
Original cataloging agency BUAC
Transcribing agency BENEAM
041 ## - CODE DE LANGUE
Language code of text/sound track or separate title Fr
100 ## - VEDETTE PRINCIPALE - NOM DE PERSONNE
Personal name HOUNKPE, Hélène
9 (RLIN) 7554
110 ## - VEDETTE PRINCIPALE - NOM DE COLLECTIVITE
Corporate name or jurisdiction name as entry element FECECAM (BENIN)
9 (RLIN) 7555
245 ## - TITLE STATEMENT
Title Condition d'une gestion efficace des crédits aux salariés par le STE de FECECAM-BENIN.
Statement of responsibility, etc / Hélène, HOUNKPE, Olivier, NOUKPOKINNOU.
260 ## - PUBLICATION, DISTRIBUTION, ETC. (IMPRINT)
Place of publication, distribution, etc COTONOU:
Name of publisher, distributor, etc ENEAM,
Date of publication, distribution, etc 2009.
300 ## - PHYSICAL DESCRIPTION
Extent 54 p.
500 ## - GENERAL NOTE
General note Mémoire de fin de formation du cycle I (ENEAM), pour l'obtention du Diplôme de Technicien Supérieur (DTS).
501 ## - WITH NOTE
With note Mémoire publié avec sa version électronique.
504 ## - BIBLIOGRAPHY, ETC. NOTE
Bibliography, etc Comprend: bibliogr.
600 ## - SUBJECT ADDED ENTRY--PERSONAL NAME
Personal name NOUKPOKINNOU, Damienne
9 (RLIN) 7556
650 ## - SUBJECT ADDED ENTRY--TOPICAL TERM
Topical term or geographic name as entry element GESTION DES BANQUES
9 (RLIN) 7557
650 ## - SUBJECT ADDED ENTRY--TOPICAL TERM
Topical term or geographic name as entry element GESTION DES CREDITS
9 (RLIN) 7558
650 ## - SUBJECT ADDED ENTRY--TOPICAL TERM
Topical term or geographic name as entry element CREDITS AUX SALARIES
9 (RLIN) 7559
942 ## - ADDED ENTRY ELEMENTS (KOHA)
Koha item type Thèse et Memoire
Holdings
Withdrawn status Lost status Damaged status Not for loan Location (home branch) Sublocation or collection (holding branch) Date acquired Koha issues (times borrowed) Koha full call number Koha date last seen Price effective from Koha item type Public note
        Bibliothèque de l'Ecole Nationale d'Economie Appliquée et de Management Bibliothèque de l'Ecole Nationale d'Economie Appliquée et de Management 28/07/2010   2009/BAN/006 28/07/2010 28/07/2010 Thèse et Memoire Exclu du prêt


© 2008, Bibliothèques de l'Université d'Abomey-Calavi

04 BP 789 Cotonou, Tél. : +229 21 36 01 01, Fax : +229 21 35 06 32

Courriel : bu@bu.uac.bj